000 01400nam a2200373 i 4500
005 20220317001716.0
007 ta
008 200420s2007 ck a gr 000 0 spa d
020 _a9789583002137
040 _aCO-BoRNBP
_bspa
_erda
_cCO-BoRNBP
041 0 _aspa
043 _as-ck---
082 0 4 _aR 920.0861
_bN67c
_223
100 1 _aNoreña Blanco, María Isabel
_eautora
245 1 0 _aCompendio de biografías colombianas
_ctextos María Isabel Noreña Blanco, Fernando Cortés J. ; ilustraciones Jairo Linares Landínez
250 _aPrimera edición
264 1 _aBogotá, Colombia
_bPanamericana
_c2007
300 _a329 páginas
_bilustraciones
_c23 cm
336 _atexto
_btxt
_2rdacontent
337 _asin mediación
_bn
_2rdamedia
338 _avolumen
_bnc
_2rdacarrier
490 0 _aTemas colombianos
504 _aIncluye referencias bibliográficas
505 1 _aLiteratura -- Historia -- Música -- Pintura y escultura -- Ciencia
521 _aRecomendado para una audiencia mayor a 17 años
545 _aEsta obra reúne 116 biografías de colombianos
650 1 7 _aLiterarios colombianos
_2ARMARC
650 1 7 _aHistoriadores colombianos
_2ARMARC
650 1 7 _aMúsicos colombianos
_2ARMARC
651 4 _aColombia
_vBiografías
_914138
700 1 _aCortés J., Fernando
_dautor
_9175592
700 1 _aLinares Landínez, Jairo
_eilustrador
_916395
942 _2ddc
_cREF
999 _c7821
_d7821